000 00761nam a2200265 i 4500
001 bg
100 1 _aGERSTEIN, Marc
245 1 0 _aJak zrobić witraż /
_cMarc Gerstein i Lynette Wrigley.
246 _iTyt. oryg.:
_aSteined glass
260 _aWarszawa :
_b"Arkady",
_c2000.
300 _a90 s. :
_bil. ;
_c26 cm.
500 _aTyt. oryg.: "Steined glass".
504 _aIndeks.
650 9 _aWitraże
_xprojektowanie
650 9 _aWitraże
_xtechnika
700 1 _aWRIGLEY, Lynette
020 _a8321340911
040 _cBPK
041 1 _apl
_hen
080 _a72.04(02.025.2)
920 _a83-213-4091-1
942 _cKS
008 s pl f |000 0 pol
999 _c40533
_d40533
856 _uhttp://koha.tu.koszalin.pl/cgi-bin/koha/opac-detail.pl?biblionumber=40533
_yKatalog online BPK